[Event "Open Inverno"]
[Site "Ceriano Laghetto ITA"]
[Date "2009.02.10"]
[Round "2"]
[White "Ronconi, Fausto"]
[Black "Viale, Fabio"]
[Result "1/2-1/2"]
[WhiteElo "1789"]
[BlackElo "1818"]
[PlyCount "120"]
[EventDate "2009.02.03"]

1. c4 e5 2. Nc3 d6 3. g3 g6 4. Bg2 Bg7 5. b3 Nc6 6. Rb1 Be6 7. Bb2 Nge7 8. e3
O-O 9. Nge2 f5 10. O-O Rb8 11. d4 d5 12. cxd5 Nxd5 13. dxe5 Nxc3 14. Nxc3 Nxe5
15. Nb5 c6 16. Nd4 Bf7 17. Ne2 Qa5 18. a4 Rbd8 19. Qe1 Qxe1 20. Rfxe1 Nd3 21.
Bxg7 Kxg7 22. Red1 Nc5 23. Rxd8 Rxd8 24. Nd4 Ne6 25. Nxe6+ Bxe6 26. b4 Rd2 27.
Rc1 Ra2 28. b5 Rxa4 29. bxc6 bxc6 30. Bxc6 Rc4 31. Rxc4 Bxc4 32. f3 Kf6 33. Kf2
Ke5 34. f4+ Kd6 35. Ba4 Bd3 36. Bb3 Ke7 37. Ke1 Kf6 38. Kd2 Be4 39. Kc3 h6 40.
Bc4 g5 41. Kb4 gxf4 42. exf4 Kg6 43. Be2 Bg2 44. Ka5 Kf6 45. Ka6 Ke6 46. Kxa7
Kd5 47. Kb6 Ke4 48. Kc5 Ke3 49. Bh5 Bh3 50. Kd5 Kf2 51. Ke5 Kg2 52. Bg6 Kxh2
53. Bxf5 Bxf5 54. Kxf5 Kxg3 55. Ke5 h5 56. f5 h4 57. f6 h3 58. f7 h2 59. f8=Q
h1=Q 60. Qf4+ Kg2 1/2-1/2

[Event "Open Inverno"]
[Site "Ceriano Laghetto ITA"]
[Date "2009.02.10"]
[Round "2"]
[White "Santarelli, Sabatino"]
[Black "Guzzetti, Luigi Enrico"]
[Result "0-1"]
[WhiteElo "1692"]
[BlackElo "1854"]
[PlyCount "98"]
[EventDate "2009.02.03"]

1. d4 Nf6 2. c4 g6 3. Nc3 Bg7 4. e4 d6 5. Nf3 O-O 6. Be2 c5 7. d5 Na6 8. O-O
Nc7 9. h3 a6 10. a4 Rb8 11. Rb1 Bd7 12. Bf4 b5 13. e5 Nh5 14. Bh2 dxe5 15. Nxe5
Nf6 16. axb5 axb5 17. Nxd7 Qxd7 18. Nxb5 Nfe8 19. Nc3 Nd6 20. Qc2 Rb4 21. b3
Rfb8 22. Rfd1 Nce8 23. Ne4 Bd4 24. Bf4 Qf5 25. Bxd6 Bxf2+ 26. Kh1 Nxd6 27. Bd3
Nxe4 28. Bxe4 Qe5 29. Bxg6 hxg6 30. Qxf2 Rxb3 31. Rxb3 Rxb3 32. Rf1 f5 33. Qxc5
Qe4 34. Qc6 Rxh3+ 35. Kg1 Rg3 36. Qe6+ Qxe6 37. dxe6 Re3 38. c5 Rxe6 39. Rc1
Rc6 40. Kf2 Kf7 41. Ke3 e5 42. g3 Ke6 43. Kd3 Kd5 44. Re1 Rxc5 45. Rg1 e4+ 46.
Kd2 Kd4 47. Re1 e3+ 48. Ke2 Rc2+ 49. Kf3 Rf2# 0-1

[Event "Open Inverno"]
[Site "Ceriano Laghetto ITA"]
[Date "2009.02.17"]
[Round "3"]
[White "Bencivenga, Antonio"]
[Black "Bertuolo, Sergio"]
[Result "0-1"]
[WhiteElo "1407"]
[BlackElo "1517"]
[PlyCount "64"]
[EventDate "2009.02.03"]

1. c4 e5 2. Nc3 Nf6 3. a3 Be7 4. e4 d6 5. Nf3 Nc6 6. d4 exd4 7. Nxd4 Nxd4 8.
Qxd4 O-O 9. h3 c5 10. Qd1 a5 11. Be2 b6 12. O-O Bd7 13. a4 Re8 14. Bf3 Bc6 15.
Bg5 Rb8 16. e5 Bxf3 17. Qxf3 dxe5 18. Nd5 Nxd5 19. Rad1 Bxg5 20. Qe4 Qc7 21.
Rxd5 Qc6 22. b3 g6 23. Rfd1 Re6 24. h4 f5 25. Qf3 Bxh4 26. g3 Bg5 27. Qg2 e4
28. f4 exf3 29. Qxf3 Be3+ 30. Kg2 Bd4 31. Kh2 Qe8 32. Rg1 Bxg1+ 0-1

[Event "Open Inverno"]
[Site "Ceriano Laghetto ITA"]
[Date "2009.02.17"]
[Round "3"]
[White "Cervini, Gian Piero"]
[Black "Moroni, Luca jr"]
[Result "0-1"]
[WhiteElo "1819"]
[BlackElo "1545"]
[PlyCount "102"]
[EventDate "2009.02.03"]

1. e4 c5 2. c3 Nf6 3. e5 Nd5 4. Nf3 Nc6 5. d4 cxd4 6. cxd4 d6 7. exd6 Qxd6 8.
Nc3 Bf5 9. Bd3 Bxd3 10. Qxd3 g6 11. Qb5 Nxc3 12. bxc3 Qc7 13. Ne5 Bg7 14. Bf4
Qb6 15. a4 Qxb5 16. axb5 Nxe5 17. Bxe5 Bxe5 18. dxe5 O-O 19. O-O Rfc8 20. Rfd1
Rxc3 21. Rd7 Rc5 22. Rxb7 Rxe5 23. b6 Rb5 24. Rbxa7 Rb8 25. Rxe7 R5xb6 26. g3
Rb1+ 27. Rxb1 Rxb1+ 28. Kg2 Rb2 29. Kf3 Kg7 30. Ra7 Rb3+ 31. Kg2 Rb2 32. Ra3
Rb4 33. Rf3 Re4 34. Kh3 f5 35. Re3 Rb4 36. f4 Rb2 37. Re1 Ra2 38. Rg1 Ra3 39.
Kh4 Ra4 40. Rf1 h6 41. g4 g5+ 42. Kh3 Rxf4 43. Rg1 Rxg4 44. Rxg4 fxg4+ 45. Kxg4
Kg6 46. h3 h5+ 47. Kg3 Kf5 48. Kf3 Ke5 49. Kg2 Kf4 50. Kf2 h4 51. Kg2 Ke3 0-1

[Event "Open Inverno"]
[Site "Ceriano Laghetto ITA"]
[Date "2009.02.17"]
[Round "3"]
[White "De Dominicis, Arrigo"]
[Black "Mondini, Francesco"]
[Result "1-0"]
[WhiteElo "1390"]
[BlackElo "1514"]
[PlyCount "82"]
[EventDate "2009.02.03"]

1. e4 e5 2. Bc4 Bc5 3. Nf3 Nc6 4. d3 Nf6 5. Ng5 O-O 6. Nxf7 Rxf7 7. Bxf7+ Kxf7
8. Qf3 Nd4 9. Qd1 d6 10. h3 h6 11. c3 Ne6 12. Qe2 a6 13. Be3 Bxe3 14. Qxe3 Kg8
15. Nd2 b5 16. O-O-O Nf8 17. g4 N6h7 18. f4 exf4 19. Qxf4 Qf6 20. Qg3 Qe5 21.
Qg2 Ng6 22. d4 Qe6 23. e5 Rb8 24. exd6 Bb7 25. dxc7 Qd6 26. cxb8=Q+ Qxb8 27.
Qe2 Bxh1 28. Rxh1 Nf4 29. Qe7 Qa8 30. Re1 Nd3+ 31. Kc2 Nxe1+ 32. Qxe1 Qg2 33.
Qe6+ Kf8 34. h4 Nf6 35. g5 hxg5 36. hxg5 Qxg5 37. Qxa6 Nd5 38. Qd6+ Kg8 39.
Qe6+ Kf8 40. Kb3 Nf4 41. Qe5 Qg4 1-0

[Event "Open Inverno"]
[Site "Ceriano Laghetto ITA"]
[Date "2009.02.17"]
[Round "3"]
[White "Guzzetti, Luigi Enrico"]
[Black "Clerici, Samuele"]
[Result "1-0"]
[WhiteElo "1854"]
[BlackElo "1773"]
[PlyCount "53"]
[EventDate "2009.02.03"]

1. e4 e5 2. Nf3 Nc6 3. Bb5 a6 4. Ba4 Nf6 5. O-O Be7 6. Re1 b5 7. Bb3 d6 8. c3
Bg4 9. d3 Qd7 10. Bg5 O-O 11. Nbd2 h6 12. Bxf6 Bxf6 13. Nf1 Na5 14. Bc2 Be7 15.
h3 Be6 16. d4 exd4 17. cxd4 d5 18. Ne5 Qd6 19. exd5 Bxd5 20. Qd3 f5 21. Ng3 Be6
22. Ng6 Rf7 23. Qe3 f4 24. Qxe6 Qxe6 25. Rxe6 fxg3 26. Nxe7+ Kh8 27. fxg3 1-0

[Event "Open Inverno"]
[Site "Ceriano Laghetto ITA"]
[Date "2009.02.17"]
[Round "3"]
[White "Napoli, Ferdinando"]
[Black "Conta, Diego"]
[Result "1-0"]
[WhiteElo "1731"]
[BlackElo "1751"]
[PlyCount "93"]
[EventDate "2009.02.03"]

1. e4 e5 2. Nf3 Nc6 3. Bb5 a6 4. Ba4 Nf6 5. O-O b5 6. Bb3 Nxe4 7. d4 d5 8. dxe5
Be6 9. c3 Bc5 10. Nbd2 Nxf2 11. Rxf2 f6 12. exf6 Bxf2+ 13. Kxf2 Qxf6 14. Nf1
Ne7 15. Bg5 Qf7 16. Bxe7 Qxe7 17. Qd4 O-O 18. Re1 c6 19. Kg1 Qf6 20. Ng3 Rae8
21. Bc2 Qxd4+ 22. cxd4 g6 23. b4 Kg7 24. Nf1 Bf5 25. Rxe8 Rxe8 26. Bxf5 gxf5
27. Ne5 Kf6 28. Nd2 Rxe5 29. dxe5+ Kxe5 30. Nb3 d4 31. Kf2 Kd5 32. Nd2 c5 33.
bxc5 Kxc5 34. Ke2 a5 35. Kd3 Kb4 36. Nb3 Ka3 37. Nxa5 Kxa2 38. Kxd4 Ka3 39. Kc5
b4 40. Kc4 Ka4 41. Nb3 Ka3 42. Nc5 f4 43. Nd3 b3 44. Kc3 Ka2 45. Nc1+ Ka3 46.
Nd3 Ka4 47. Nc5+ 1-0

[Event "Open Inverno"]
[Site "Ceriano Laghetto ITA"]
[Date "2009.02.17"]
[Round "3"]
[White "Pellegrini, Fabio"]
[Black "Regorda, Massimiliano"]
[Result "0-1"]
[WhiteElo "1423"]
[BlackElo "1919"]
[PlyCount "46"]
[EventDate "2009.02.03"]

1. e4 e5 2. Nf3 Nc6 3. Bc4 Be7 4. O-O Nf6 5. Nc3 d6 6. h3 O-O 7. d4 a6 8. Bg5
b5 9. Bb3 b4 10. Bxf6 Bxf6 11. Nd5 exd4 12. Nxf6+ Qxf6 13. Bd5 Bd7 14. Bxc6
Bxc6 15. Qxd4 Qxd4 16. Nxd4 Bxe4 17. Rfe1 Rfe8 18. f3 Bg6 19. c3 bxc3 20. bxc3
Kf8 21. Kf2 Rab8 22. Rxe8+ Kxe8 23. Re1+ Kd7 0-1

[Event "Open Inverno"]
[Site "Ceriano Laghetto ITA"]
[Date "2009.02.17"]
[Round "3"]
[White "Regorda, Vittorio"]
[Black "Origgio, Stefano"]
[Result "1-0"]
[WhiteElo "1848"]
[BlackElo "1551"]
[PlyCount "90"]
[EventDate "2009.02.03"]

1. d4 Nf6 2. c4 e6 3. Nf3 b6 4. g3 Bb7 5. Bg2 Bb4+ 6. Bd2 a5 7. O-O O-O 8. a3
Be7 9. Nc3 d5 10. Ne5 Nbd7 11. f4 c5 12. e3 Rb8 13. cxd5 Nxd5 14. Nxd5 Bxd5 15.
Bxd5 exd5 16. Nc6 Qe8 17. Nxb8 Qxb8 18. Bc3 c4 19. b3 Rc8 20. b4 axb4 21. axb4
Nf6 22. Qc2 Ne4 23. Ra6 Qd6 24. b5 Qg6 25. Kg2 h5 26. Ra7 Re8 27. Rf3 h4 28.
Be1 Qg4 29. Qe2 hxg3 30. h3 Qg6 31. Rc7 Bf6 32. Rc6 Re6 33. f5 Qh5 34. fxe6
fxe6 35. Rxe6 Ng5 36. Rxb6 Qxh3+ 37. Kg1 Qh2+ 38. Qxh2 gxh2+ 39. Kh1 Nxf3 40.
Bg3 Bg5 41. Rb8+ Kf7 42. b6 Bxe3 43. b7 Nxd4 44. Rc8 Nc6 45. Rxc6 Ba7 1-0

[Event "Open Inverno"]
[Site "Ceriano Laghetto ITA"]
[Date "2009.02.17"]
[Round "3"]
[White "Santarelli, Sabatino"]
[Black "Fusi, Claudio"]
[Result "1-0"]
[WhiteElo "1692"]
[BlackElo "1586"]
[PlyCount "41"]
[EventDate "2009.02.03"]

1. g3 Nf6 2. Bg2 g6 3. b3 Bg7 4. Bb2 O-O 5. e3 d5 6. Ne2 Re8 7. d4 b6 8. c4 Bb7
9. Nbc3 c6 10. O-O Na6 11. cxd5 cxd5 12. Rc1 Nc7 13. Qd2 b5 14. Rc2 a6 15. Rfc1
Ne6 16. Qd1 Rc8 17. a3 Ng5 18. h4 Nge4 19. Nxe4 Rxc2 20. Nxf6+ Bxf6 21. Rxc2
1-0

[Event "Open Inverno"]
[Site "Ceriano Laghetto ITA"]
[Date "2009.02.17"]
[Round "3"]
[White "Veronelli, Franco"]
[Black "Ronconi, Fausto"]
[Result "1-0"]
[WhiteElo "1617"]
[BlackElo "1789"]
[PlyCount "57"]
[EventDate "2009.02.03"]

1. e4 e6 2. d4 d5 3. exd5 exd5 4. c4 dxc4 5. Bxc4 Bb4+ 6. Nc3 Nf6 7. Qb3 Bxc3+
8. bxc3 O-O 9. Ne2 Nc6 10. Ba3 Na5 11. Qa4 Nxc4 12. Bxf8 Nb6 13. Qc2 Qxf8 14.
O-O Qd6 15. Ng3 Nbd5 16. Rfe1 Be6 17. Rab1 b6 18. c4 Nb4 19. Qb3 c5 20. d5 Bd7
21. a3 Na6 22. Re3 h5 23. Rbe1 h4 24. Ne4 Nxe4 25. Rxe4 g5 26. Re7 Kf8 27. Qf3
f6 28. Qh5 Qxe7 29. Qh8+ 1-0

[Event "Open Inverno"]
[Site "Ceriano Laghetto ITA"]
[Date "2009.02.17"]
[Round "3"]
[White "Viale, Fabio"]
[Black "Moioli, Ferruccio"]
[Result "1-0"]
[WhiteElo "1818"]
[BlackElo "1584"]
[PlyCount "109"]
[EventDate "2009.02.03"]

1. d4 g6 2. Nf3 Bg7 3. c4 c5 4. d5 d6 5. Nc3 Nf6 6. Nd2 e6 7. e4 exd5 8. cxd5
a6 9. a4 Nbd7 10. Be2 O-O 11. O-O Rb8 12. f4 Re8 13. Qc2 Nf8 14. Nf3 Bd7 15. e5
dxe5 16. fxe5 Bf5 17. Qb3 Ne4 18. Nxe4 Bxe4 19. Ng5 Bxd5 20. Bc4 Bxc4 21. Qxc4
Qd4+ 22. Qxd4 cxd4 23. Nxf7 Re7 24. Nh6+ Bxh6 25. Bxh6 Rxe5 26. Bf4 Rbe8 27.
Bxe5 Rxe5 28. Rae1 Nd7 29. Rxe5 Nxe5 30. Rd1 Nc6 31. Kf2 Kf7 32. b4 b5 33. axb5
axb5 34. Kf3 Ke6 35. Ke4 h5 36. Rxd4 Nxd4 37. Kxd4 Kd6 38. h4 Ke6 39. Kc5 Kf5
40. Kxb5 Kg4 41. Kc4 Kxh4 42. b5 Kg3 43. b6 Kxg2 44. b7 h4 45. b8=Q h3 46. Qb2+
Kg3 47. Qc3+ Kg2 48. Qd2+ Kf3 49. Qh2 Kg4 50. Kd4 g5 51. Ke4 Kh4 52. Qf2+ Kg4
53. Qf3+ Kh4 54. Kf5 g4 55. Qxg4# 1-0

[Event "Open Inverno"]
[Site "Ceriano Laghetto ITA"]
[Date "2009.02.24"]
[Round "4"]
[White "Annoni, Tiziano"]
[Black "Origgio, Stefano"]
[Result "1/2-1/2"]
[WhiteElo "1428"]
[BlackElo "1551"]
[PlyCount "102"]
[EventDate "2009.02.03"]

1. e4 e5 2. Nf3 Nc6 3. Bb5 a6 4. Ba4 Nf6 5. O-O Be7 6. Re1 b5 7. Bb3 d6 8. c3
O-O 9. h3 Bb7 10. d3 Re8 11. Nbd2 Bf8 12. Ng5 Re7 13. Nf1 h6 14. Nf3 Na5 15.
Bc2 c5 16. b4 cxb4 17. cxb4 Nc6 18. a3 Rc7 19. Bb2 Rac8 20. Rc1 a5 21. Bc3 axb4
22. axb4 Ne7 23. Bb2 Ng6 24. Qd2 Nf4 25. Kh2 Qd7 26. Ng3 g6 27. Bb3 Kh7 28.
Rxc7 Rxc7 29. d4 Ne6 30. dxe5 dxe5 31. Bxe5 Qxd2 32. Nxd2 Rd7 33. Bxf6 Rxd2 34.
Bc3 Rxf2 35. Kg1 Rf4 36. Rd1 Kg8 37. Bd2 Rh4 38. Bxe6 fxe6 39. Re1 Bd6 40. Kf2
h5 41. Bg5 Bxg3+ 42. Kxg3 Rxe4 43. Rxe4 Bxe4 44. Kf2 Kf7 45. g3 Ke8 46. Ke3 Bf5
47. h4 Kd7 48. Kd4 Kc6 49. Ke5 Kd7 50. Bf4 Bg4 51. Bg5 Bh3 1/2-1/2

[Event "Open Inverno"]
[Site "Ceriano Laghetto ITA"]
[Date "2009.02.24"]
[Round "4"]
[White "Cervini, Gian Piero"]
[Black "Bencivenga, Antonio"]
[Result "1-0"]
[WhiteElo "1819"]
[BlackElo "1407"]
[PlyCount "65"]
[EventDate "2009.02.03"]

1. e4 d6 2. d4 Nf6 3. Nc3 g6 4. Bg5 Bg7 5. Qd2 Nbd7 6. f4 c5 7. e5 dxe5 8. dxe5
Ng4 9. Nd5 f6 10. exf6 exf6 11. Qe2+ Kf8 12. Bh4 Qe8 13. Qxe8+ Kxe8 14. Nc7+
Kd8 15. Nxa8 b6 16. O-O-O Bb7 17. Bb5 Bh6 18. Rxd7+ Kc8 19. Ne2 Bxa8 20. Rxa7
Kb8 21. Rf7 Bxg2 22. Rd1 Be4 23. Bxf6 Nxf6 24. Rxf6 Bf3 25. Rxb6+ Kc7 26. Rf6
Ra8 27. Kb1 Ra5 28. Rd7+ Kb8 29. Nc3 Ra7 30. Rb6+ Rb7 31. Rdxb7+ Bxb7 32. Bc6
Kc7 33. Nd5+ 1-0

[Event "Open Inverno"]
[Site "Ceriano Laghetto ITA"]
[Date "2009.02.24"]
[Round "4"]
[White "Clerici, Samuele"]
[Black "Bertuolo, Sergio"]
[Result "1-0"]
[WhiteElo "1773"]
[BlackElo "1517"]
[PlyCount "81"]
[EventDate "2009.02.03"]

1. e4 e6 2. d4 d5 3. Nc3 c5 4. dxc5 Bxc5 5. exd5 Qb6 6. Qf3 Nf6 7. Bb5+ Bd7 8.
Bxd7+ Nbxd7 9. dxe6 Qxe6+ 10. Qe2 Qxe2+ 11. Ngxe2 O-O 12. O-O Rfe8 13. h3 a6
14. Bf4 Rac8 15. Rad1 Nb6 16. b3 Nfd5 17. Nxd5 Nxd5 18. Rxd5 Rxe2 19. Rd2 Rxd2
20. Bxd2 Re8 21. Re1 Rxe1+ 22. Bxe1 b5 23. b4 Bd6 24. f3 Kf8 25. Kf2 Ke7 26.
Ke3 Ke6 27. Kd3 Kd5 28. c3 f6 29. Bf2 h6 30. Bd4 Be5 31. Bxe5 fxe5 32. h4 g6
33. g4 g5 34. h5 Kd6 35. c4 bxc4+ 36. Kxc4 Kc6 37. a4 Kd6 38. b5 a5 39. b6 Kc6
40. b7 Kxb7 41. Kb5 1-0

[Event "Open Inverno"]
[Site "Ceriano Laghetto ITA"]
[Date "2009.02.24"]
[Round "4"]
[White "Conta, Diego"]
[Black "Moioli, Ferruccio"]
[Result "1-0"]
[WhiteElo "1751"]
[BlackElo "1584"]
[PlyCount "65"]
[EventDate "2009.02.03"]

1. d4 g6 2. c4 Bg7 3. Nc3 d6 4. e4 c6 5. Be2 Qb6 6. Nf3 Bg4 7. d5 Nd7 8. O-O
Ngf6 9. Qc2 a6 10. a3 Rc8 11. Be3 Qc7 12. dxc6 Qxc6 13. Nd4 Qc7 14. f3 Be6 15.
Nxe6 fxe6 16. f4 Nb6 17. e5 Nfd7 18. exd6 exd6 19. Qe4 Kf7 20. Rad1 Nf6 21. Qf3
Rhd8 22. b3 d5 23. c5 Nbd7 24. b4 Ra8 25. g4 h5 26. g5 Ng8 27. Bd4 Ne7 28. Bxg7
Kxg7 29. Bd3 b6 30. Qe3 Kf7 31. Rde1 Nf8 32. cxb6 Qxc3 33. Bxg6+ 1-0

[Event "Open Inverno"]
[Site "Ceriano Laghetto ITA"]
[Date "2009.02.24"]
[Round "4"]
[White "Fusi, Claudio"]
[Black "Kiszka, Jean Marc"]
[Result "1/2-1/2"]
[WhiteElo "1586"]
[BlackElo "1452"]
[PlyCount "103"]
[EventDate "2009.02.03"]

1. d4 Nf6 2. c4 g6 3. Nc3 d5 4. Bg5 c6 5. cxd5 Nxd5 6. e3 Nxc3 7. bxc3 Qa5 8.
Qb3 Qxg5 9. Nf3 Qf6 10. Bc4 e6 11. a4 Nd7 12. O-O Bg7 13. e4 O-O 14. e5 Qd8 15.
a5 Rb8 16. Qa2 a6 17. Nd2 b5 18. axb6 Rxb6 19. Ne4 Bb7 20. Nd6 Qe7 21. Nxb7
Rxb7 22. Qxa6 Rc7 23. f4 Rd8 24. Qa5 Nb8 25. Rfb1 Rcc8 26. Qb6 Qc7 27. Ra7 Qxb6
28. Rxb6 Bf8 29. Rbb7 Rd7 30. Rxd7 Nxd7 31. Rxd7 Ba3 32. Bf1 Bc1 33. g3 Bb2 34.
c4 Rb8 35. d5 cxd5 36. cxd5 exd5 37. Rxd5 Kf8 38. Bd3 Ke7 39. f5 Rd8 40. Rxd8
Kxd8 41. e6 fxe6 42. fxe6 Ke7 43. Bc4 Bf6 44. Kg2 Kd6 45. Kf3 Be5 46. h4 Bf6
47. Kg4 h6 48. h5 gxh5+ 49. Kxh5 Bg5 50. g4 Ke5 51. Kg6 Kd4 52. Kf7 1/2-1/2

[Event "Open Inverno"]
[Site "Ceriano Laghetto ITA"]
[Date "2009.02.24"]
[Round "4"]
[White "Moroni, Luca jr"]
[Black "Regorda, Vittorio"]
[Result "0-1"]
[WhiteElo "1545"]
[BlackElo "1848"]
[PlyCount "76"]
[EventDate "2009.02.03"]

1. e4 c6 2. d4 d5 3. exd5 cxd5 4. Bd3 Nc6 5. c3 Nf6 6. Bg5 Bg4 7. Nf3 e6 8.
Nbd2 Be7 9. h3 Bh5 10. Qc2 Qb6 11. Qb3 Nd7 12. Qxb6 Nxb6 13. Bxe7 Kxe7 14. b3
f6 15. O-O g5 16. Rfe1 Kf7 17. g4 Bg6 18. Bxg6+ hxg6 19. Kg2 Rh7 20. a4 Rah8
21. Rh1 Nc8 22. b4 Nd6 23. Rae1 Rc8 24. Rc1 Kf8 25. Rhe1 Nd8 26. c4 dxc4 27.
Ne4 Nxe4 28. Rxe4 Rhc7 29. h4 gxh4 30. Nxh4 g5 31. Nf3 c3 32. Ne1 Rc4 33. Nd3
e5 34. Re3 Rxd4 35. Nc5 Rxg4+ 36. Kh3 Rxb4 37. Rexc3 Rc6 38. Rd1 Rd4 0-1

[Event "Open Inverno"]
[Site "Ceriano Laghetto ITA"]
[Date "2009.02.24"]
[Round "4"]
[White "Napoli, Ferdinando"]
[Black "Viale, Fabio"]
[Result "0-1"]
[WhiteElo "1731"]
[BlackElo "1818"]
[PlyCount "118"]
[EventDate "2009.02.03"]

1. b3 e5 2. Bb2 d6 3. e3 Nc6 4. Nf3 Bg4 5. Be2 Nf6 6. c4 Be7 7. Nc3 O-O 8. O-O
Re8 9. h3 Bh5 10. d3 Bf8 11. Qd2 h6 12. Rfd1 Qe7 13. Ne1 Bxe2 14. Qxe2 Qe6 15.
Nf3 Rad8 16. e4 Qc8 17. Nd5 Be7 18. Qe3 b6 19. Qe2 Nb8 20. Ne3 c5 21. Nf5 Bf8
22. Nh2 g6 23. Ne3 Nc6 24. Qf3 Qe6 25. Nd5 Nh5 26. Nc7 Qd7 27. Nxe8 Rxe8 28.
Ng4 Bg7 29. Ne3 Rf8 30. g4 Nf4 31. Nd5 Nxd5 32. cxd5 Ne7 33. Qg3 g5 34. Rac1
Ng6 35. Rc2 Nh4 36. Bc1 Qe7 37. Rf1 Ng6 38. Bd2 Kh7 39. a3 a5 40. b4 cxb4 41.
axb4 a4 42. b5 Ra8 43. Ra1 Nh4 44. f3 Qf6 45. Kf2 Bf8 46. Rca2 Ra7 47. Rxa4
Rxa4 48. Rxa4 Qd8 49. Be3 Qc7 50. Rc4 Qa7 51. Ke2 Qa2+ 52. Bd2 Ng6 53. Qf2 Nf4+
54. Ke3 Nxh3 55. Qe1 Nf4 56. Qc1 Qb3 57. Qc2 Qxb5 58. Qa4 Qb1 59. Qc2 Qg1# 0-1

[Event "Open Inverno"]
[Site "Ceriano Laghetto ITA"]
[Date "2009.02.24"]
[Round "4"]
[White "Nastasi, Ivano"]
[Black "Pellegrini, Fabio"]
[Result "1/2-1/2"]
[WhiteElo "1503"]
[BlackElo "1423"]
[PlyCount "112"]
[EventDate "2009.02.03"]

1. d4 Nf6 2. c4 d5 3. Nc3 c6 4. a4 Bf5 5. Nf3 e6 6. Bf4 Nbd7 7. e3 Be7 8. Qb3
b6 9. cxd5 exd5 10. h3 Nh5 11. Bh2 Be4 12. Ba6 Bxf3 13. gxf3 Nhf6 14. Bb7 Rc8
15. Bxc8 Qxc8 16. e4 dxe4 17. fxe4 O-O 18. e5 Ne8 19. O-O-O a6 20. Kb1 Nc7 21.
f4 b5 22. axb5 axb5 23. d5 Nc5 24. Qc2 cxd5 25. Nxd5 Nxd5 26. Rxd5 Qc6 27. Rhd1
Rc8 28. Bg1 Ne6 29. Qxc6 Rxc6 30. Rxb5 Nxf4 31. Rd7 Bf8 32. Rb8 f6 33. Rdd8 Ne6
34. Rdc8 Rxc8 35. Rxc8 fxe5 36. Bh2 e4 37. Bd6 Kf7 38. Bxf8 Nxf8 39. Rc4 e3 40.
Re4 g5 41. Rxe3 Ne6 42. b4 h5 43. b5 g4 44. b6 Nc5 45. Rc3 Na6 46. hxg4 hxg4
47. Rc7+ Kf6 48. Kc1 g3 49. Rc2 Ke5 50. Rg2 Kd6 51. Rxg3 Kc6 52. Rb3 Kb7 53.
Kc2 Nc5 54. Rb4 Nd7 55. Kd3 Nxb6 56. Kc3 Kc6 1/2-1/2

[Event "Open Inverno"]
[Site "Ceriano Laghetto ITA"]
[Date "2009.02.24"]
[Round "4"]
[White "Regorda, Massimiliano"]
[Black "Santarelli, Sabatino"]
[Result "1-0"]
[WhiteElo "1919"]
[BlackElo "1692"]
[PlyCount "63"]
[EventDate "2009.02.03"]

1. e4 e5 2. Nf3 Nc6 3. d4 exd4 4. Bc4 Be7 5. Nxd4 d6 6. O-O Nf6 7. Nxc6 bxc6 8.
Nc3 O-O 9. Re1 Be6 10. Bd3 Nd7 11. f4 Nc5 12. f5 Nxd3 13. cxd3 Bd7 14. Re3 f6
15. Rh3 Be8 16. Qg4 g5 17. fxg6 Bxg6 18. Bh6 Rf7 19. Ne2 Qc8 20. Qxc8+ Rxc8 21.
Nf4 Bf8 22. Bxf8 Rcxf8 23. Rg3 Kh8 24. Rxg6 hxg6 25. Nxg6+ Kg7 26. Nxf8 Rxf8
27. Rc1 c5 28. d4 Re8 29. dxc5 dxc5 30. Rxc5 Re7 31. Kf2 Rd7 32. Ke3 1-0

[Event "Open Inverno"]
[Site "Ceriano Laghetto ITA"]
[Date "2009.02.24"]
[Round "4"]
[White "Ronconi, Fausto"]
[Black "De Dominicis, Arrigo"]
[Result "1-0"]
[WhiteElo "1789"]
[BlackElo "1390"]
[PlyCount "61"]
[EventDate "2009.02.03"]

1. d4 d5 2. c4 Nf6 3. Nc3 e6 4. Bg5 Be7 5. e3 h6 6. Bh4 Ne4 7. Bxe7 Qxe7 8.
cxd5 Nxc3 9. bxc3 exd5 10. Bd3 b6 11. Ne2 Ba6 12. Bxa6 Nxa6 13. Qa4+ c6 14.
Qxa6 Qe4 15. O-O O-O 16. Nf4 g5 17. Qd3 gxf4 18. Qxe4 dxe4 19. exf4 f5 20. Rfe1
Rfe8 21. Re3 Re7 22. Rae1 Rae8 23. f3 Kh7 24. fxe4 Rxe4 25. Rxe4 Rxe4 26. Rxe4
fxe4 27. Kf2 Kg6 28. g4 a5 29. Ke3 h5 30. gxh5+ Kxh5 31. Kxe4 1-0

[Event "Open Inverno"]
[Site "Ceriano Laghetto ITA"]
[Date "2009.02.24"]
[Round "4"]
[White "Veronelli, Franco"]
[Black "Guzzetti, Luigi Enrico"]
[Result "1/2-1/2"]
[WhiteElo "1617"]
[BlackElo "1854"]
[PlyCount "90"]
[EventDate "2009.02.03"]

1. e4 c5 2. c3 e6 3. d4 d5 4. exd5 Qxd5 5. Nf3 Nc6 6. Be3 cxd4 7. cxd4 Nf6 8.
Bd3 Bb4+ 9. Nc3 Bd7 10. O-O Bxc3 11. bxc3 Qa5 12. Qc2 h6 13. Rab1 Qc7 14. Rfe1
Rc8 15. Qd2 Nd5 16. c4 Nxe3 17. Qxe3 O-O 18. Ne5 Nxe5 19. Qxe5 Qxe5 20. Rxe5 b6
21. c5 bxc5 22. Rxc5 Rxc5 23. dxc5 Bc6 24. f3 Rd8 25. Bc2 g5 26. Rd1 Rxd1+ 27.
Bxd1 Kf8 28. Kf2 Ke7 29. Ke3 Kd7 30. Bb3 f6 31. Kd4 a5 32. Bc2 g4 33. Be4 e5+
34. Ke3 gxf3 35. gxf3 Bxe4 36. Kxe4 Kc6 37. Kf5 Kxc5 38. Kxf6 Kd4 39. Kf5 a4
40. h4 a3 41. h5 Kc3 42. Ke4 Kb2 43. Kd3 Kxa2 44. Kc2 Ka1 45. Kc1 a2 1/2-1/2

[Event "Open Inverno"]
[Site "Ceriano Laghetto ITA"]
[Date "2009.03.03"]
[Round "5"]
[White "Annoni, Tiziano"]
[Black "Conta, Diego"]
[Result "0-1"]
[WhiteElo "1428"]
[BlackElo "1751"]
[PlyCount "58"]
[EventDate "2009.02.03"]

1. e4 c5 2. Nf3 Nc6 3. d4 cxd4 4. Nxd4 g6 5. Nc3 Bg7 6. Be3 d6 7. Bc4 Nf6 8.
O-O O-O 9. h3 Bd7 10. Qd2 Qc8 11. Nxc6 bxc6 12. Rab1 Kh8 13. e5 dxe5 14. Bc5
Be6 15. Bxe7 Bxc4 16. Bxf8 Qxf8 17. Rfd1 Be6 18. Qe3 Nd5 19. Nxd5 cxd5 20. g4
f5 21. gxf5 Qxf5 22. Qc5 Qxh3 23. Rd3 Qf5 24. Rb3 Rf8 25. Rf1 e4 26. Qc7 Be5
27. Qe7 d4 28. Rh3 Rf7 29. Qe8+ Kg7 0-1

[Event "Open Inverno"]
[Site "Ceriano Laghetto ITA"]
[Date "2009.03.03"]
[Round "5"]
[White "Bencivenga, Antonio"]
[Black "Mondini, Francesco"]
[Result "1/2-1/2"]
[WhiteElo "1407"]
[BlackElo "1514"]
[PlyCount "23"]
[EventDate "2009.02.03"]

1. d4 d5 2. e4 dxe4 3. f3 e6 4. c3 exf3 5. Nxf3 Nc6 6. Bc4 Nf6 7. Be3 Be7 8.
O-O Ng4 9. Re1 Qd6 10. Na3 Na5 11. Bb3 Nxb3 12. Qxb3 1/2-1/2

[Event "Open Inverno"]
[Site "Ceriano Laghetto ITA"]
[Date "2009.03.03"]
[Round "5"]
[White "Bertuolo, Sergio"]
[Black "Santarelli, Sabatino"]
[Result "0-1"]
[WhiteElo "1517"]
[BlackElo "1692"]
[PlyCount "102"]
[EventDate "2009.02.03"]

1. e4 b6 2. d4 Bb7 3. Nc3 e6 4. Bd3 Bb4 5. Bd2 Nf6 6. Qe2 O-O 7. a3 Be7 8. Nf3
d6 9. O-O Nbd7 10. Rfe1 e5 11. Qd1 c5 12. d5 a6 13. Ne2 Kh8 14. Ng3 Ng8 15. Nf5
Ndf6 16. c4 Bc8 17. N3h4 g6 18. Nxe7 Qxe7 19. Bg5 h6 20. Bxf6+ Qxf6 21. g3 h5
22. Qd2 Kh7 23. f4 exf4 24. Qxf4 Qd4+ 25. Qe3 Qxb2 26. Reb1 Qe5 27. Nf3 Qg7 28.
Ng5+ Kh8 29. Ra2 Rb8 30. Rab2 f6 31. Ne6 Bxe6 32. dxe6 Qc7 33. e7 Rfe8 34. Qf4
Rxe7 35. a4 a5 36. Bf1 Kg7 37. Bg2 Nh6 38. Qd2 Nf7 39. Qd3 Ne5 40. Qb3 Qc6 41.
Qc2 Reb7 42. Rb5 Qc7 43. Qe2 Qf7 44. Rc1 Qe6 45. Qf1 Rf7 46. Bh3 Qe7 47. Rcb1
Qc7 48. Be6 Re7 49. Bd5 Nc6 50. Bxc6 Qxc6 51. Re1 Rxe4 0-1

[Event "Open Inverno"]
[Site "Ceriano Laghetto ITA"]
[Date "2009.03.03"]
[Round "5"]
[White "De Dominicis, Arrigo"]
[Black "Nastasi, Ivano"]
[Result "0-1"]
[WhiteElo "1390"]
[BlackElo "1503"]
[PlyCount "52"]
[EventDate "2009.02.03"]

1. e4 e5 2. Bc4 Nf6 3. Nf3 Nc6 4. Ng5 d5 5. exd5 Na5 6. Bb5+ c6 7. dxc6 bxc6 8.
Ba4 h6 9. Nf3 e4 10. Ne5 Qd4 11. Nxc6 Qxa4 12. Nxa5 Qxa5 13. O-O Bd6 14. d3 Bg4
15. Qe1 Qe5 16. f4 Qe7 17. Nc3 Bb4 18. a3 Ba5 19. b4 Bb6+ 20. Be3 Bxe3+ 21.
Qxe3 exd3 22. Qxe7+ Kxe7 23. Rfe1+ Kd8 24. cxd3 Re8 25. Re5 a6 26. f5 Rxe5 0-1